MDQL
is popping MORE tags! Check the
thread
!
Quizzes
Events
Quiz Creation
Community
Videos
Private Events
Remove Ads
Sign In
Join for FREE
Feedback
Dark Mode
Quiz Categories
Sports
Geography
Music
Movies
Television
Just For Fun
Miscellaneous
History
Literature
Language
Science
Gaming
Entertainment
Religion
Holiday
For Kids
Quiz Lab
Recent
Popular Today
Quiz Kudos Today
Editor Picks
Curator Picks
Quizzes by...
Day
Popularity
Type
Ratings
Length
Year
Community
Subscriptions
Recent Discussions
Orange Saloon
Badges
Playlists
Quests
Create
Leaderboards
Showdown
Live 5
Trivia Bingo
Activity
Puzzle Library
Sporcle Events
Private Events
Virtual Trivia
Globe League
Become a Host
Pub Owners
SporcleCon
Opinionation
Our Games
Videos
Blog
Mobile Apps
Partnerships
Remove Ads and Go Orange
Feedback
Literature
Harry Potter
A Song of Ice and Fire
The Hunger Games
Literary Character
Shakespeare
Book
Author
Novel
Poem
Young Adult
Children's Books
Play
Lord of the Rings
Literature
Harry Potter
A Song of Ice and Fire
The Hunger Games
Literary Character
Shakespeare
Book
Author
Novel
Poem
Young Adult
Children's Books
Play
Lord of the Rings
Random Quiz
Search Sporcle
×
Quiz Lab
Quiz Lab
Literature
Literary Character
Select answers by clicking on text or image buttons
Select answers by clicking on text or image buttons
Clickable
Best Score? Go Orange.
What Makes a Vampire? Stats
Can you pick the characteristics of a vampire, according to Bram Stoker's novel 'Dracula'?
By
Darzlat
4m
20 Questions
278 Plays
278 Plays
278 Plays
Comments
Comments
Give Quiz Kudos
Give Quiz Kudos
-
- Ratings
hide this ad
Random Order
Randomize order of answers
Randomize order of answers
Replay
Link that replays current quiz
Next Quiz
Link to next quiz in quiz playlist
You Got
0%
They Got
Avg Score
76%
Avg Friend Score
Upgrade to see
Score Distribution
Jump to the score distribution portion of the page
Score
0/20
Timer
04:00
0
Plays Today
% Correct
Sleeps in a coffin
94.2%
Drinks human blood
93.2%
Vulnerable to religious symbols
92.4%
Has fangs
90.6%
Immortal
88.5%
Vulnerable to garlic
86.3%
Can control nocturnal animals
84.9%
Stakes are fatal
84.2%
Enhanced strength
83.8%
Lack of a shadow
82.4%
% Correct
Can shapeshift
82.4%
Needs an invitation
80.9%
Turns into dust when killed
80.2%
Decapitation is fatal
80.2%
Enhanced speed
78.4%
Can fly
73.4%
Vulnerable to fire
55%
Reproduces by transfusion
48.9%
Can shrink
39.6%
Knife stabbing is fatal
34.5%
Quiz Playlist
Details
Report
Send in Message
Add To Playlist
Clickable:
Select answers by clicking on text or image buttons
Random Order:
Randomize order of answers
Last Updated: Jul 12, 2017
Quiz Scoreboard
CHALLENGE
Sign Up to Join the Scoreboard
Show All
Scores
Hide
Comments
May contain spoilers
Recently Published
Holiday 10x10 Sorting Gallery
by lukepisani3
Holiday
15m
Two Season TV Shows II
by 123Four
Television
10m
Image Sorting: Flags VI
by Barbecue
Geography
2m
More to Explore
Quiz From the Vault
Featured Blog Post
14 Easter Pick-up Lines to Find Eggs With
hide this ad
You Might Also Like...
Tags
Art Quiz
Author Quiz
Book Quiz
Clickable Quiz
Literary Character Quiz
Novel Quiz
Dracula
Romania
Vampire
Today's Top Quizzes in Literature
Browse Literature
hide this ad
Today's Top Quizzes in Literary Character
Browse Literary Character
Top Contributed Quizzes in Literature
1
Sneaky Slytherin Logic Puzzle
2
Game of Thrones: Hodor
3
Harry Potter logic puzzle: The Hogwarts Soap Opera
4
Criteria Quiz: Harry Potter Deaths
5
Moaning Myrtle's Bathroom: Logic Puzzle
6
Get The Picture: Black or White Literature
7
50 Books...Fast and Fatal!
8
Logic Puzzle: Avoid Dumbledore's Army
9
'Middle' Earth
10
Weasley Family Reunion: Logic Puzzle
Explore More
Trending Topics
Harry Potter
Kpop
Crossword
Marvel
NBA
Anime
Disney
Pokémon
NFL
The Office
Country
WWE
Soccer
Song
Puzzle
hide this ad
More By:
Darzlat
Quiz
Plays
Rating
Category
Featured
Created
10 to 1: Pixar Characters
240,828
4.77
Movies
Nov 17, 2017
Closest NFL Teams to Canada
162,862
4.55
Sports
Sep 3, 2017
Closest MLB Teams to Canada
112,399
4.09
Sports
Oct 5, 2017
Closest NBA Teams to Canada
87,983
3.98
Sports
Nov 4, 2017
NFL Teams Venn Diagram
85,454
4.42
Sports
May 2, 2017
Go to Creator's Profile
Score Distribution
Quiz Creator Spotlight
Darzlat
Follow
Send a Message
Quizzes Created
-
Created Quiz Play Count
-
More By This Creator
Popular Quizzes Today
1
Find the US States - No Outlines Minefield
2
Colored Red Africa Blitz
3
Find the 'City' Movie
4
The Countries of the World
5
Find the US States
6
5x2 Blitz: Bands
7
Find the Countries of Europe - No Outlines Minefield
8
US States
More Literature Quizzes
Illustrated Literary Duos
Published
Trending Quizzes
Colored Red Europe Blitz I
Colored Red Europe Blitz II
Colored Red Africa Blitz II
Colored Red Africa Blitz III
Colored Red Europe Blitz III
Recently Updated
Odd Team Out - Big 4 Players
pecheneg
Quick Pick: 20 Twenties
pecheneg
March Madness Men's Triple Doubles
pecheneg
How Do You Spell That?
pecheneg
Godzilla Movies
pecheneg
Grab Bag: 4-10 Letters
pecheneg
2024 March Madness Bracket
pecheneg
Famous TV Couples
Peacemaker
Champions League XIs: Real Madrid
pecheneg
Largest US Cities 1790-2010
pecheneg
Trending Topics
Kpop
Disney
Marvel
NBA
Anime
Crossword
Harry Potter
Soccer
Pokémon
WWE
Country
Puzzle
The Office
NFL
Song
Your Account Isn't Verified!
In order to create a playlist on Sporcle, you need to verify the email address you used during registration. Go to your
Sporcle Settings
to finish the process.
Report this User
Report this user for behavior that violates our
Community Guidelines
.
Details:
Send Report
Go to the Sporcle.com Mobile Site →
Comments